000
00321 a2200157 4500
001
182797
020
_a
040
_c
Magnum
100
_a
Malba Tahan
240
1
0
_a
Novas lendas orientais
_l
por
245
1
0
_a
Novas lendas orientais
300
_a
220
362
0
_a
1965
697
_a
LITERATURA GERAL
942
_c
BK
999
_c
182797
_d
182797